Southville International School and Colleges
Your cart is empty.
  • Cart
  • Lists
    Public lists Eva Luna New books Lux_list list_1
    Your lists Log in to create your own lists
  • Log in to your account
  • Your cookies
  • Search history
Southville International School and Colleges
  • Advanced search
  • Recent comments
  • Most popular
  • Libraries

Log in to your account

Log in with GOOGLE


If you do not have an external account, but do have a local account, you can still log in:

  1. Home
  2. MARC view: Digital computer fundamentals /
Normal view MARC view ISBD view

Digital computer fundamentals / (Record no. 19718)

[ view plain ]
MARC details
000 -LEADER
fixed length control field 00548nam a2200193 a 4500
005 - DATE AND TIME OF LATEST TRANSACTION
control field 20140310183154.0
008 - FIXED-LENGTH DATA ELEMENTS--GENERAL INFORMATION
fixed length control field 970101s19uu xx 00 eng d
020 ## - INTERNATIONAL STANDARD BOOK NUMBER
International Standard Book Number 0070038929
050 ## - LIBRARY OF CONGRESS CALL NUMBER
Classification number QA 76.5
Item number .B283 [ca.1970]
100 ## - MAIN ENTRY--PERSONAL NAME
Personal name Bartee, Thomas C.
245 ## - TITLE STATEMENT
Title Digital computer fundamentals /
Statement of responsibility, etc Thomas C. Bartee.
250 ## - EDITION STATEMENT
Edition statement 4th ed.
260 ## - PUBLICATION, DISTRIBUTION, ETC. (IMPRINT)
Place of publication, distribution, etc New York :
Name of publisher, distributor, etc MCGraw-Hill Book Company,
Date of publication, distribution, etc 1977.
300 ## - PHYSICAL DESCRIPTION
Extent 563 p. :
Other physical details ill. ;
Dimensions 23 cm.
521 ## - TARGET AUDIENCE NOTE
Target audience note
650 ## - SUBJECT ADDED ENTRY--TOPICAL TERM
Topical term or geographic name as entry element Electronic digital computers
942 ## - ADDED ENTRY ELEMENTS (KOHA)
Koha item type Books
Source of classification or shelving scheme Library of Congress Classification
Call number prefix Foreign
Holdings
Withdrawn status Lost status Source of classification or shelving scheme Damaged status Home library Current library Shelving location Date acquired Total Checkouts Full call number Barcode Date last seen Copy number Price effective from Koha item type
    Library of Congress Classification   College Library College Library General Circulation Section 04/25/2003   QA 76.5 .B283 [ca.1970] C1075 05/15/2018 1 10/10/2013 Books

Digital computer fundamentals /

APA

Bartee T. C., . (1977). Digital computer fundamentals. New York: MCGraw-Hill Book Company.

Chicago

Bartee Thomas C, . 1977. Digital computer fundamentals. New York: MCGraw-Hill Book Company.

Harvard

Bartee T. C., . (1977). Digital computer fundamentals. New York: MCGraw-Hill Book Company.

MLA

Bartee Thomas C, . Digital computer fundamentals. New York: MCGraw-Hill Book Company. 1977.

  • Place hold
  • Print
  • Cite
  • Add to your cart (remove)
  • Save record
    BIBTEX Dublin Core MARCXML MARC (non-Unicode/MARC-8) MARC (Unicode/UTF-8) MARC (Unicode/UTF-8, Standard) MODS (XML) RIS
  • More searches
    Search for this title in:
    Other Libraries (WorldCat) Other Databases (Google Scholar) Online Stores (Bookfinder.com) Open Library (openlibrary.org)

Exporting to Dublin Core...

SOUTHVILLE LIBRARY

Southville International School and Colleges Library

1281 Tropical Ave. Cor. Luxembourg St., BF Homes International, Las Pinas City

Tel. No. 8256374 / 252358 Loc. 117/146

Powered by Koha